| 000 | 00555nam a2200181 a 4500 | ||
|---|---|---|---|
| 001 | 000019038 | ||
| 005 | 20200929165916.0 | ||
| 008 | 800312s1979 ht 000 p fre | ||
| 040 |
_aDO-SdBNP _bspa _cBNPHU |
||
| 082 |
_a841.914 _bC475c |
||
| 100 | 1 |
_aCharles, Christophe, _d1951- _939778 |
|
| 245 | 1 | 0 |
_aCicatrices : _bpoémes / _cChristophe Charles. |
| 260 |
_a[Port-au-Prince?] : _bEditions Choucoune, _c1979. |
||
| 300 |
_a20 p. ; _c22 cm. |
||
| 490 | 1 |
_aCollection Poesie ; _v4 |
|
| 650 | 4 |
_aPoesía francesa _94916 |
|
| 650 | 4 |
_aLiteratura francesa _91074 |
|
| 999 |
_c18556 _d18556 |
||